Statistics for States of India in 1950 (with map)

Click here to take the quiz!

General Stats

  • This quiz has been taken 314 times
    (309 since last reset)
  • The average score is 12 of 28

Answers on the Map

Answers color-coded by a green-red scale on the quiz's map according to % correct below.
 

Answer Stats

State% Correct
West Bengal
88%
Jammu & Kashmir
87%
Delhi
82%
Uttar Pradesh
81%
East Punjab
75%
Assam
69%
Bombay
69%
Rajasthan
69%
Orissa
54%
Hyderabad
52%
Andaman and Nicobar Islands
51%
Bihar
51%
Madhya Pradesh
47%
Madras
44%
Manipur
40%
Tripura
37%
Mysore
32%
Himachal Pradesh
28%
Travancore-Cochin
28%
Bhopal
21%
Kutch
19%
Ajmer
14%
Saurashtra
14%
Patiala & East Punjab States Union
13%
Madhya Bharat
10%
Coorg
9%
Vindhya Pradesh
9%
Bilaspur
7%

Score Distribution

Percentile by Number Answered

Percent of People with Each Score

Your Score History

You have not taken this quiz since the last reset